000
00285nam a22001337a 4500
003
SGT
020
_a
81-7027-644-9
082
_a
302.23
_b
GUP
100
_a
GUPTA, V.S.
245
_a
NATIONAL MEDIA POLICY
260
_a
INDIA
_b
CONCEPT PUB.
_c
1996
300
_a
176
942
_2
ddc
_c
BK
999
_c
22112
_d
22112